LEADER 02656nam 2200457 450 001 9910820071503321 005 20180628180137.0 035 $a(CKB)3710000001386323 035 $a(MiAaPQ)EBC4875187 035 $a(EXLCZ)993710000001386323 100 $a20170707h20172017 uy 0 101 0 $aeng 135 $aurcnu|||||||| 181 $2rdacontent 182 $2rdamedia 183 $2rdacarrier 200 00$aBoundaries, phases and interfaces $ecase studies in honor of Violeta Demonte /$fedited by Olga Fernandez-Soriano, Elena Castroviejo Miro?, Isabel Pe?rez-Jime?nez 210 1$aAmsterdam, [Netherlands] ;$aPhiladelphia, [Pennsylvania] :$cJohn Benjamins Publishing Company,$d2017. 210 4$dİ2017 215 $a1 online resource (379 pages) 225 1 $aLinguistik Aktuell,$x0166-0829 ;$vVolume 239 =$aLinguistics Today 311 $a90-272-5722-1 311 $a90-272-6572-0 320 $aIncludes bibliographical references at the end of each chapters and index. 330 $aThis book approaches the concept of boundary, central in linguistic theory, and the related notion of phase from the perspective of the interaction between syntax and its interfaces. A primary notion is that phases are the appropriate domains to explain most interface linguistic phenomena and that the study of (narrow) interfaces helps to understand conditions on the internal structure of the Language Faculty. The first part of this volume is dedicated to introducing the notion of boundary, cycle and phase, and also the current debates regarding internal interfaces, in particular, the syntax-phonology, syntax-semantics, syntax-discourse, syntax-morphology and syntax-lexicon interfaces, in order to show how the notion of boundary/phase is related to (or even determines) most of their characteristics. The four sections of the second part deal with (morpho)phonology/ syntax and the role or boundaries/phases; the syntax-discourse and syntax-semantics interface; and the lexicon-syntax interface, while the notion of boundary/phase cross-cuts the main topics addressed. 410 0$aLinguistik aktuell ;$vVolume 239. 606 $aGenerative grammar 606 $aLanguage and languages$xGrammar 615 0$aGenerative grammar. 615 0$aLanguage and languages$xGrammar. 676 $a415.01/822 702 $aFerna?ndez Soriano$b Olga 702 $aMiro?$b Elena Castroviejo 702 $aPe?rez Jime?nez$b Isabel 801 0$bMiAaPQ 801 1$bMiAaPQ 801 2$bMiAaPQ 906 $aBOOK 912 $a9910820071503321 996 $aBoundaries, phases and interfaces$94013908 997 $aUNINA LEADER 01419nam 2200385 n 450 001 9910389515903321 005 20230423153152.0 010 $a1-7281-4220-2 035 $a(CKB)4920000000250607 035 $a(NjHacI)994920000000250607 035 $a(EXLCZ)994920000000250607 100 $a20230423d2019 uy 0 101 0 $aeng 135 $aur||||||||||| 181 $ctxt$2rdacontent 182 $cc$2rdamedia 183 $acr$2rdacarrier 200 10$a2019 Artificial Intelligence for Transforming Business and Society (AITB 2019) $eNovember 5th, 2019, Kathmandu, Nepal /$fInstitute of Electrical and Electronics Engineers 210 1$aPistacaway, New Jersey :$cIEEE,$d[2019] 210 4$dİ2019 215 $a1 online resource (75 pages) $cillustrations 300 $aIncludes index. 311 $a1-7281-4221-0 517 $a2019 Artificial Intelligence for Transforming Business and Society 606 $aArtificial intelligence$xEconomic aspects$vCongresses 606 $aBusiness enterprises$xInformation technology$vCongresses 615 0$aArtificial intelligence$xEconomic aspects 615 0$aBusiness enterprises$xInformation technology 676 $a303.4833 801 0$bNjHacI 801 1$bNjHacl 906 $aPROCEEDING 912 $a9910389515903321 996 $a2019 Artificial Intelligence for Transforming Business and Society (AITB 2019)$93089592 997 $aUNINA